000 00757cab a22001935a 4500
001 L155354
008 120319s2012 xxka f 000 0 eng d
035 _a(Sirsi) u155354
041 0 _aeng
100 1 _aBattrick, Paul
245 0 4 _aThe rainbow suite
_bthe 1999 FIDIC contracts, part 6
_ba risk too far for the EPC contractor
260 _c2012
490 _aCivil Engineering Surveyor
_vMarch 2012, 19-21(3)
520 _aLooks at the allocation of risks between the Yellow and Silver books of the FIDIC 1999 suite of contracts and asks whether the risks are a step too far for a traditional engineering, procurement and construction (EPC) contract.
651 4 _aInternational
690 _aContracts
_96232
700 1 _aDuggan, Phil
942 _n0
999 _c83859
_d83859